Представление документа в формате RUSMARC

ПолеНазваниеЗначение
  Тип записи a
  Библиографический уровень c
001 Контрольный номер 630e3b3036a84570880570f9847ff038
005 Дата корректировки 20260611145546.7
010 Индекс ISBN __
a ISBN 978-5-9614-8124-2
b Уточнения в пер.
010 Индекс ISBN __
a ISBN 978-5-9614-3991-5
b Уточнения сер.
9 Тираж 1500 экз.
d Цена 837-91
100 Данные общей обработки __
a Данные общей обработки 20260604d2026 b y0rusy028902 ca
101 Язык документа 1_
a Язык текста rus
c Язык оригинала tur
102 Страна публикации __
a Страна публикации RU
105 Кодированные данные (монография) __
a Кодированные данные (монография) a z 000ay
181 Поле кодированных данных: вид содержания _0
a Код вида содержания (ISBD) i
181 Поле кодированных данных: вид содержания _0
a Код вида содержания (ISBD) b
182 Поле кодированных данных: тип средства _0
a Код типа средства (ISBD) n
200 Заглавие и сведения об ответственности 1_
a Заглавие Стеснительный пес Роб и другие истории
e Сведения, относящиеся к заглавию басни для развития эмоционального интеллекта : для чтения взрослыми детям : перевод с турецкого
f Первые сведения об ответственности Тюлин Козикоглу
g Последующие сведения об ответственности иллюстратор Седат Гиргин
203 Вид содержания и тип средства __
a Вид содержания Текст
a Вид содержания Изображение
c Тип средства непосредственные
b Характеристика содержания неподвижное
b Характеристика содержания двухмерное
210 Выходные данные 1_
a Место издания Москва
c Издательство Альпина.дети
c Издательство Альпина Паблишер
d Дата издания 2026
215 Физическое описание __
a Объем [67] с.
c Иллюстрации/тип воспроизводства цв. ил.
d Формат 23х25 см
225 Серия 1_
a Серия Басни бабушки Лейлы
225 Серия 2_
a Серия Психологи рекомендуют
330 Аннотация __
a Аннотация Три истории под одной обложкой. Специальное издание для тех, чьи дети неуютно чувствуют себя на шумных праздниках и не очень любят незнакомых людей в доме. В доме бабушки Лейлы собрались животные с непростыми характерами: пёс Роб не любит новых людей в доме, птичка Пугги боится каждого шороха, а мышонок Ноб раздаёт всем непрошенные советы. Ситуации, в которые попадают пёс Роб, птичка Пугги и комар Оззи, подскажут родителям, как помочь робким, пугливым и стеснительным детям и объяснить, что плохих чувств и эмоций не бывает, просто надо научиться ими управлять.
333 Примечание о целевом назначении __
a Примечание о целевом назначении 0+
517 Другие варианты заглавия 1_
a Другие варианты заглавия Стеснительный пёс Роб и другие истории
606 Тематические рубрики __
a Основная рубрика Художественная литература
2 Код системы nlr_sh
606 Тематические рубрики __
a Основная рубрика Литература Азии (произведения)
y Географическая подрубрика Турция
2 Код системы nlr_sh
610 Ключевые слова 0_
a Ключевые слова детская литература
610 Ключевые слова 0_
a Ключевые слова турецкая литература
610 Ключевые слова 0_
a Ключевые слова иностранная литература
610 Ключевые слова 0_
a Ключевые слова животные
610 Ключевые слова 0_
a Ключевые слова тема животных
610 Ключевые слова 0_
a Ключевые слова детские эмоции
610 Ключевые слова 0_
a Ключевые слова эмоциональный интеллект
610 Ключевые слова 0_
a Ключевые слова развитие эмоционального интеллекта
610 Ключевые слова 0_
a Ключевые слова эмоциональное развитие
610 Ключевые слова 0_
a Ключевые слова детские эмоции
610 Ключевые слова 0_
a Ключевые слова психологические сказки
610 Ключевые слова 0_
a Ключевые слова тема эмоций
610 Ключевые слова 0_
a Ключевые слова стеснительность
610 Ключевые слова 0_
a Ключевые слова эмоции
686 Индексы других классификаций __
a Классификационный индекс Д
2 Код системы rubbks
700 Автор _1
a Фамилия Козикоглу
b Имя Т.
f Даты 1968-
g Полное личное имя Тюлин
4 Код отношения 070
702 Вторичная интеллектуальная ответственность _1
a Фамилия Гиргин
b Имя С.
f Даты 1985-
g Полное личное имя Седат
4 Код отношения 440
801 Источник записи _1
a Страна RU
b Организация Муниципальное бюджетное учреждение культуры "Централизованная библиотечная система" г. Сургут (Центральная городская библиотека им. А. С. Пушкина)
c Дата составления 20260605
g Правила каталогизации PSBO
801 Источник записи _2
a Страна RU
b Организация Муниципальное бюджетное учреждение культуры "Централизованная библиотечная система" г. Сургут (Центральная городская библиотека им. А. С. Пушкина)
c Дата составления 20260605
g Правила каталогизации PSBO
852 Данные о местонахождении __
i Авторский знак К 59
j Шифр хранения Д
900 Макрообъекты __
a Макрообъекты Стеснительный пес Роб и другие истории. Козикоглу, Т., 2026
901 Тип документа __
a Ответственный ООФиК/Волкова
t Тип документа x
901 Тип документа __
a Ответственный 7 партия
903 Характеристики (МАРС) __
a Дата передачи 20260605
c Наименование библиотеки (МАРС) Муниципальное бюджетное учреждение культуры "Централизованная библиотечная система" г. Сургут (Центральная городская библиотека им. А. С. Пушкина)
969 Тип издания __
a Тип издания издание для детей
a Тип издания Ф 26
990 Данные о заказе (DOS) __
j Количество экземпляров (DOS) 5
t N записи в КСУ для И/У (DOS) 202607